Basketteurs en L (2000-2025) - Statistiques

Statistiques générales
  • Ce quiz a été pris 67 fois
  • Le résultat moyen est 11 sur 20
Statistiques - réponses
Par images Réponse % Correct
Damian Lillard
97%
Kawhi Leonard
97%
Zach LaVine
92%
Brook Lopez
90%
Kyle Lowry
84%
Kevin Love
82%
Jeremy Lin
72%
Shaun Livingston
70%
Derek Lively II
69%
Tyronn Lue
64%
Kevon Looney
59%
Kenneth Lofton Jr
49%
Caris LeVert
48%
David Lee
28%
Trey Lyles
25%
Jeremy Lamb
21%
Rashard Lewis
20%
Romeo Langford
10%
Carl Landry
7%
Raef LaFrentz
2%
Aucun quiz correspondant
Distribution des résultats
% des personnes avec chaque résultat
Percentile par nombre de réponses
Votre historique - résultats
Vous n’avez pas pris ce quiz